000 01080nam a2200313Ia 4500
001 007803
008 221003s1998 xx 000 0 spa d
020 _a92-828-2983-9
035 _aCENDO_4658
041 _aspa
084 _aCD-01943
110 _aCOMUNIDADES EUROPEAS.
_bComisión
_9138
245 0 _aEuro 1999 :
_binforme sobre la convergencia y correspondiente recomendación con vistas a la transición a la tercera fase de la unión económica y monetaria : primera parte : recomendación /
_cComisión Europea
260 _aLuxemburgo :
_bOficina de Publicaciones Oficiales de las Comunidades Europeas,
_c1998
300 _a59 p. ;
_c 25 cm
650 _aUNION MONETARIA
_9648
650 _aCE
_98
650 _aPOLITICA MONETARIA
_9109
650 _aPOLITICA COMUNITARIA
_973
650 _aDESARROLLO ECONOMICO
_9561
710 _aCOMUNIDADES EUROPEAS
_bOficina de Publicaciones Oficiales,
_eed.
_915
901 _a2
903 _aNO
904 _a000
953 _d1998-05-12
_yMONOGRAFIA
_oCD-01943
999 _c4657
_d4657
910 _a1998
942 _cMONOGRAFIA